Francis Line S.J.: an exiled English scientist, 1595-1675. (Record no. 149477)
[ view plain ]
| 000 -LEADER | |
|---|---|
| fixed length control field | 00818cam8a220024100 4500 |
| 001 - CONTROL NUMBER | |
| control field | lce00487604 |
| 008 - FIXED-LENGTH DATA ELEMENTS--GENERAL INFORMATION | |
| fixed length control field | 700911s1969 it b 001 0beng |
| 010 ## - LIBRARY OF CONGRESS CONTROL NUMBER | |
| LC control number | 78497431 //r872 |
| 015 ## - NATIONAL BIBLIOGRAPHY NUMBER | |
| National bibliography number | It69-May |
| 035 ## - SYSTEM CONTROL NUMBER | |
| System control number | (Sirsi) r13426 |
| 035 ## - SYSTEM CONTROL NUMBER | |
| System control number | (DLC) 78497431 //r872 |
| 035 ## - SYSTEM CONTROL NUMBER | |
| System control number | (UPRA)lce00487604 |
| 050 0# - LIBRARY OF CONGRESS CALL NUMBER | |
| Classification number | QC16.L54 |
| Item number | R4 |
| 082 ## - DEWEY DECIMAL CLASSIFICATION NUMBER | |
| Classification number | 509.24 |
| -- | B |
| 100 1# - MAIN ENTRY--PERSONAL NAME | |
| Personal name | Reilly, P. Conor. |
| Linkage | A68693.1 |
| 245 10 - TITLE STATEMENT | |
| Title | Francis Line S.J.: an exiled English scientist, 1595-1675. |
| 260 ## - PUBLICATION, DISTRIBUTION, ETC. | |
| Place of publication, distribution, etc. | Roma, |
| Name of publisher, distributor, etc. | Institutum historicum S.I., |
| Date of publication, distribution, etc. | 1969. |
| 440 #0 - SERIES STATEMENT/ADDED ENTRY--TITLE | |
| Title | Bibliotheca Instituti Historici S.I. ; |
| Volume/sequential designation | v. 29 |
| Linkage | S10953.1 |
| 504 ## - BIBLIOGRAPHY, ETC. NOTE | |
| Bibliography, etc. note | Bibliography: p. [139]-140. |
| 600 10 - SUBJECT ADDED ENTRY--PERSONAL NAME | |
| Personal name | Line, Francis, 1595-1675. |
| Dates associated with a name | Line, Francis, 1595-1675. |
| Linkage | S52368.1 |
| 949 ## - LOCAL PROCESSING INFORMATION (OCLC) | |
| a | QC16.L54 |
| w | lcc |
| i | 33729000218714 |
| m | MAIN |
| p | 2500 |
| t | BOOK |
| l | ON-SHELF |
No items available.